01251nam a2200313Ia 4500001001200000003000800012006001900020007001500039008004100054020001800095020002200113020001500135040002100150035002100171050002800192100002300220245012600243246003300369260005000402300002200452504005100474533015200525650004600677650002500723655002900748710001700777856012600794999001700920ebr10255978CaPaEBRm u cr cn|||||||||040202s2003 njua sb 001 0 eng d z9789812383457 z9812383468 (pbk.) z981238345X aCaPaEBRcCaPaEBR a(OCoLC)26342177914aQC174.17.P7bL56 2003eb1 aLipparini, Enrico.10aModern many-particle physicsh[electronic resource] :batomic gases, quantum dots and quantum fluids /cEnrico Lipparini.3 aModern many particle physics aRiver Edge, N.J. :bWorld Scientific,cc2003. ax, 431 p. :bill. aIncludes bibliographical references and index. aElectronic reproduction.bPalo Alto, Calif. :cebrary,d2009.nAvailable via World Wide Web.nAccess may be limited to ebrary affiliated libraries. 0aMany-body problemxApproximation methods. 0aSolid state physics. 7aElectronic books.2local2 aebrary, Inc.40uhttp://site.ebrary.com/lib/rucke/Doc?id=10255978zAn electronic book accessible through the World Wide Web; click to view c33379d33379